LIBRARY ONLINE CATALOGUE

The 48 laws of power / (Record no. 10001)

MARC details
000 -LEADER
fixed length control field 00631cam a22002172 4500
001 - CONTROL NUMBER
control field 0000023838
005 - DATE AND TIME OF LATEST TRANSACTION
control field 20151217152249.0
008 - FIXED-LENGTH DATA ELEMENTS--GENERAL INFORMATION
fixed length control field 130403s xx 000 0 eng d
020 ## - INTERNATIONAL STANDARD BOOK NUMBER
International Standard Book Number 1861972781
040 ## - CATALOGING SOURCE
Original cataloging agency KABU
Transcribing agency KABU
100 1# - MAIN ENTRY--PERSONAL NAME
Personal name Greene, Robert.
-- 0000068143
245 14 - TITLE STATEMENT
Title The 48 laws of power /
Statement of responsibility, etc. Robert Greene.
250 ## - EDITION STATEMENT
Edition statement 1st ed.
260 ## - PUBLICATION, DISTRIBUTION, ETC. (IMPRINT)
Place of publication, distribution, etc. Great Britain :
Name of publisher, distributor, etc. Profile books,
Date of publication, distribution, etc. 1998.
300 ## - PHYSICAL DESCRIPTION
Extent xxiii, 452 p.
650 #0 - SUBJECT ADDED ENTRY--TOPICAL TERM
Topical term or geographic name as entry element Power (Philosophy)
-- 0000169652
650 #0 - SUBJECT ADDED ENTRY--TOPICAL TERM
Topical term or geographic name as entry element Control (Psychology)
-- 0000169653
852 1# - LOCATION
-- p1350 KES
908 ## - PUT COMMAND PARAMETER (RLIN)
Put command parameter 130403
950 ## - LOCAL HOLDINGS (RLIN)
-- 1
Holdings
Withdrawn status Lost status Source of classification or shelving scheme Not for loan Home library Current library Date acquired Total Checkouts Full call number Barcode Date last seen Price effective from Koha item type
    Library of Congress Classification   Kabarak, Main Campus Kabarak, Main Campus 17/12/2015   BD438 .G74 1998 c.1 014898 17/12/2015 17/12/2015 General Collection